LEADER 01032nam a2200217 i 4500 001 000000045785 003 CaOOAMICUS 005 20090612000000.0 008 090612s1986 it u000 u ita u 013 $a16955 040 $aSeMil$bita 245 10$aCon il Sinodo dei Vescovi sulla strada del Concilio /$cA cura della Segreteria generale della Conferenza Episcopale Italiana ; presentazione del presidente della CEI cardinale Ugo Poletti. 260 $aRoma :$bAVE,$ccopyr. 1986. 300 $a75 p. ;$c21 cm. 650 4$aSinodo dei Vescovi.$0(OLS)http://semarc/subject/8109 700 1 $aPoletti, Ugo .$0(OLS)http://semarc/name/22759 710 0 $aConferenza Episcopale Italiana : Segreteria generale.$0(OLS)http://semarc/name/22758 850 $aSeMil 852 $aSeMil$W1$xVenegono$y1$m2A II 278$j11940$B11940$CSeMilBibl$Z2$F11940 $81 996 $6245$aCon il Sinodo dei Vescovi sulla strada del Concilio$9(OLS)http://semarc/title/68210 996 $6260$aRoma :$bAVE$9(OLS)http://semarc/publisher/30251 LEADER 01351nam a2200253 i 4500 001 000000149736 003 CaOOAMICUS 005 20060419000000.0 008 060419s2003 it u000 u ita u 013 $a127066 040 $aSeMil$bita 245 10$aVangelo secondo Giovanni :$b[Testo de La Bibbia : Nuovissima versione dai testi originali] /$cPresentazione dei codici miniati di Gianni C. Sciolla ; Le iniziali a colori sono di Mario Fina. / Direzione editoriale di Antonio Tarzia. 260 $aCinisello Balsamo :$bSan Paolo,$c2003. 300 $a70 p. :$briccamente ill. ;$c28 cm. 500 $aSupplemento a Famiglia Cristiana n. 47 del 23 novembre 2003. - In calce alla copertina : Nuovo Testamento. - Dono del card.Dionigi Tettamanzi. 700 1 $aFina, Mario.$0(OLS)http://semarc/name/59120 700 1 $aSciolla, Gianni Carlo.$0(OLS)http://semarc/name/5198 700 1 $aTarzia, Antonio,$c.$0(OLS)http://semarc/name/2618 850 $aSeMil 852 $aSeMil$W1$xVenegono$y1$m2VA VI 19$j268721$B101937$CSeMilBibl$Z2$F110806 $81 941 1 $a5 961 $aOmaggio: Tettamanzi Card. Dionigi 996 $6245$aVangelo secondo Giovanni :$b[Testo de La Bibbia : Nuovissima versione dai testi originali]$9(OLS)http://semarc/title/218901 996 $6260$aCinisello Balsamo :$bSan Paolo$9(OLS)http://semarc/publisher/30129